Implementing Environmental Protection Measures.
Producenti tovarov, marketing a diskusie k životnému prostrediu. Príklady riešenia ekologickej produkcie u firmy Procter and Gamble. Predpoklady k atkívnemu ekologickému konaniu firmy. Zlepšenie informačnej politiky vo vzťahu k tvorcom verejnej mienky a internacionalizácia ekologických otázok na rôz...
Salvato in:
| Autore principale: | |
|---|---|
| Natura: | Capitolo di libro |
| Lingua: | inglese |
| Soggetti: | |
| Tags: |
Nessun Tag, puoi essere il primo ad aggiungerne!!
|
MARC
| LEADER | 00000naa a2200000 4500 | ||
|---|---|---|---|
| 001 | r006165 | ||
| 005 | 20221130103959.0 | ||
| 041 | 0 | |a eng | |
| 044 | |a DE | ||
| 245 | 1 | 0 | |a Implementing Environmental Protection Measures. |c H.G. Jender |
| 520 | |a Producenti tovarov, marketing a diskusie k životnému prostrediu. Príklady riešenia ekologickej produkcie u firmy Procter and Gamble. Predpoklady k atkívnemu ekologickému konaniu firmy. Zlepšenie informačnej politiky vo vzťahu k tvorcom verejnej mienky a internacionalizácia ekologických otázok na rôznych úrovniach riadenia podniku. | ||
| 610 | 2 | 0 | |a ochrana prostredia životného |
| 610 | 2 | 0 | |a marketing |
| 610 | 2 | 0 | |a riadenie podnikové |
| 610 | 2 | 0 | |a Procter & Gamble |
| 610 | 2 | 0 | |a ciele podnikové |
| 610 | 2 | 0 | |a ekológia |
| 100 | 1 | |a Jender, H.G. | |